000 00323nam a2200133Ia 4500
008 100328s9999 xx 000 0 und d
082 _b23183
100 _aवाड विजया
245 _aअशरण
260 _bहेमचंद्र
630 _aअशरण
730 _aअशरण
942 _cBOOK
999 _c516949
_d516946